عقد الصلح في المعامالات المالية : في الفقه الاسلامي)/
Saved in:
| Main Author: | |
|---|---|
| Other Authors: | |
| Format: | Thesis |
| Language: | Arabic |
| Published: |
[Nablus, Palestine] :
Jami'at al-Najah al-Wataniyah,
2006.
|
| Subjects: | |
| Tags: |
Add Tag
No Tags, Be the first to tag this record!
|
| LEADER | 020760000a22003970004500 | ||
|---|---|---|---|
| 001 | 486341 | ||
| 005 | 20230420121018.0 | ||
| 008 | 2006 jo s m ara | ||
| 035 | |a (Sirsi) 486341 | ||
| 040 | |a UIAM |b eng | ||
| 041 | |a ara | ||
| 050 | 0 | 4 | |a BP158.7.Q6 |
| 100 | 1 | |a سمحان, أسيد صلاح عودة |9 118101 | |
| 242 | 1 | 0 | |a 'Aqd al-sulh fi al-mu'amalat al-maliyah : fi al-fiqh al-Islami |
| 245 | 1 | 0 | |a عقد الصلح في المعامالات المالية : في الفقه الاسلامي)/ |c اعداد أسيد صلاح عودة سمحان, اشراف عبد المنعم جابر أبو قاهوق |
| 260 | |a [Nablus, Palestine] : |b Jami'at al-Najah al-Wataniyah, |c 2006. | ||
| 300 | |a 131 leaves ; |c 30 cm. | ||
| 336 | |2 rdacontent | ||
| 337 | |2 rdamedia | ||
| 338 | |2 rdacarrier | ||
| 500 | |a Abstract in English and Arabic. | ||
| 500 | |a "Quddimat hadhihi al-utruhah istikmalan li mutatallabat darajat al-Majistir fi al-fiqh wa al-tashri'a bi Kuliyat al-Dirasat al 'Uliya fi Jami'at al-Najah al-Wataniyah fi Nablus, Filastin"--On t.p. | ||
| 502 | |a Thesis (M.A.) --Jami'at al-Najah al-Wataniyah, 2006. | ||
| 504 | |a Includes bibliographical references (leaves 125-131) | ||
| 650 | |a Contracts (Islamic law) |9 3919 | ||
| 650 | |a Conciliation (Civil procedure, Islamic) |9 118103 | ||
| 650 | |a Compromise (Islamic law) |9 111585 | ||
| 655 | |a Theses, Facsimile edition (Islamic) | ||
| 700 | |a Samhan, Asyad Salah 'Awdah |9 118104 | ||
| 710 | |a Jami'at al-Najah al-Wataniyah. |b Kulliyat al-Dirasat al-'Ulya |9 90048 | ||
| 710 | |a جامعة النجاح الوطنية. |b كلية الدراسات العليا |9 90049 | ||
| 900 | |a pts sere-ami | ||
| 942 | |2 lcc |n 0 | ||
| 999 | |c 434537 |d 464829 | ||
| 952 | |0 0 |6 TI BP 000158.7 Q6 S188A 2006 |7 0 |8 THESES |9 756055 |a IIUM |b IIUM |c MULTIMEDIA |g 531.00 |o ti BP 158.7 Q6 S188A 2006 |p 00011169965 |r 2017-10-23 |t 1 |v 531.00 |y THESIS | ||
| 952 | |0 0 |6 TI BP 000158.7 Q6 S188A 2006 |7 0 |8 THESES |9 756309 |a IIiBFL |b IIiBFL |c CLOSEACCES |g 531.00 |o ti BP 158.7 Q6 S188A 2006 |p 00011169902 |r 2017-11-08 |t 1 |v 531.00 |y THESIS | ||
